Glosár k učebnici First insights into business

Gespeichert in:
Bibliographische Detailangaben
1. Verfasser: Hulajová, Ľubica
Körperschaft: Ekonomická univerzita v Bratislave. Ústav jazykov
Weitere Verfasser: Stradiotová, Eva, 1963-
Format: Buch
Sprache:Slowakisch
Englisch
Veröffentlicht: Bratislava Vydavateľstvo EKONÓM 2001
Schlagworte:
Tags: Tag hinzufügen
Keine Tags, Fügen Sie das erste Tag hinzu!

MARC

LEADER 00000nam a2200000 4500
001 c130019
005 20221124101419.3
020 |a 80-225-1473-X 
041 0 |a slo 
041 0 |a eng 
044 |a SK 
245 1 0 |a Glosár k učebnici First insights into business  |c Ľubica Hulajová, Eva Stradiotová 
264 1 |a Bratislava  |b Vydavateľstvo EKONÓM  |c 2001 
300 |a 46 s. 
610 2 0 |a obchod 
610 2 0 |a jazykoveda 
610 2 0 |a terminológia 
100 1 |a Hulajová, Ľubica 
700 1 |a Stradiotová, Eva, 1963- 
710 2 |a Ekonomická univerzita v Bratislave. Ústav jazykov